Indo-Nepal trade relations, 1846 to 1947 / (Record no. 72335)

MARC details
000 -LEADER
fixed length control field 01271nam a22003017a 4500
005 - DATE AND TIME OF LATEST TRANSACTION
control field 20121220112513.0
008 - FIXED-LENGTH DATA ELEMENTS--GENERAL INFORMATION
fixed length control field 121220t xxu||||| |||| 00| 0 eng d
010 ## - LCCN (DPL NO)
LC control number ENG-106518
020 ## - INTERNATIONAL STANDARD BOOK NUMBER
International Standard Book Number 9788121211345
Terms of availability 840.00
035 ## - SYSTEM CONTROL NUMBER
System control number EN-90051
037 ## - SOURCE OF ACQUISITION
Source of stock number/acquisition DBAD/PUB
040 ## - CATALOGING SOURCE
Original cataloging agency DPL
Language of cataloging Eng
082 04 - DEWEY DECIMAL CLASSIFICATION NUMBER
Classification number 337.5405496
Edition number 23
100 1# - MAIN ENTRY--PERSONAL NAME
Personal name Tiwary, Vijay Kumar
9 (RLIN) 54466
245 10 - TITLE STATEMENT
Title Indo-Nepal trade relations, 1846 to 1947 /
Statement of responsibility, etc by Vijay Kumar Tiwary
260 ## - PUBLICATION, DISTRIBUTION, ETC. (IMPRINT)
Place of publication, distribution, etc New Delhi
Name of publisher, distributor, etc Gyan Publishing House
Date of publication, distribution, etc 2013
270 ## - ADDRESS
Address 23, Main Ansari Road, Daryaganj
City New Delhi
Postal code 110002
300 ## - PHYSICAL DESCRIPTION
Extent 292p.
Other physical details ill.
Dimensions 23cm(Hb)
500 ## - GENERAL NOTE
General note Originally presented as the author's thesis (Ph. D.)--Ranchi University.
500 ## - GENERAL NOTE
General note Includes bibliographical references (p. [269]-280) and index.
651 #0 - SUBJECT ADDED ENTRY--GEOGRAPHIC NAME
Geographic name India
General subdivision Commerce
Geographic subdivision Nepal.
9 (RLIN) 54467
651 #0 - SUBJECT ADDED ENTRY--GEOGRAPHIC NAME
Geographic name Nepal
General subdivision Commerce
Geographic subdivision India.
9 (RLIN) 54468
651 #0 - SUBJECT ADDED ENTRY--GEOGRAPHIC NAME
Geographic name India
General subdivision Foreign economic relations
Geographic subdivision Nepal.
9 (RLIN) 54469
651 #0 - SUBJECT ADDED ENTRY--GEOGRAPHIC NAME
Geographic name Nepal
General subdivision Foreign economic relations
Geographic subdivision India.
9 (RLIN) 54470
942 ## - ADDED ENTRY ELEMENTS (KOHA)
Source of classification or shelving scheme Dewey Decimal Classification
Item type English Books
Classification part 337.5405496
Call number suffix TIW
Holdings
Withdrawn status Lost status Source of classification or shelving scheme Damaged status Not for loan Collection code Home library Current library Date acquired Source of acquisition Cost, normal purchase price Total Checkouts Full call number Barcode Date last seen Copy number Cost, replacement price Koha item type
    Dewey Decimal Classification   Not For Loan Non-fiction D.B.Act.Division D.B.Act.Division 20/12/2012 DBAD/PUB 840.00   337.5405496 TIW EN-90051 20/12/2012 1 840.00 English Books

© Delhi Public Library
Hit Counter
free hit counter